banner-ar

1 2 3-TEDDY IS DABEI! / (Record no. 18048)

MARC details
000 -الفاتح
حقل البيانات ثابتة الطول 00382nam a2200157Ia 4500
040 ## - مصدر الفهرسة
وكالة الفهرسة الأصلية GCL /
وكالة النسخ GCL
082 04 - رقم تصنيف ديوى العشرى
رقم التصنيف CH
رقم المادة 372.216
-- R L
100 1# - المدخل الرئيسى - إسم شخصى
الإسم الشخصى ROGERS, MARJORIE
245 10 - بيان العنوان
العنوان 1 2 3-TEDDY IS DABEI! /
بيان المسئوليه,etc ROGERS, MARJORIE
260 ## - PUBLICATION, DISTRIBUTION, ETC. (IMPRINT)
تاريخ النشر أو التوزيع 1986
650 04 - المدخل الاضافى بالموضوع-مصطلح موضوعى
مصطلح موضوعي GERMAN LANGUAGE
650 04 - المدخل الاضافى بالموضوع-مصطلح موضوعى
مصطلح موضوعي CHILDREN
650 04 - المدخل الاضافى بالموضوع-مصطلح موضوعى
مصطلح موضوعي TALES
942 ## - عناصر المدخل الإضافي( كوها)
مصدر التصنيف او مخطط الترفيف Dewey Decimal Classification
Koha [default] item type كتاب
260 ## - PUBLICATION, DISTRIBUTION, ETC. (IMPRINT)
-- [S.N] :
-- PESTALOZZI- VERLAG ،
Holdings
حالة التراجع حالة الفقد حالة تلف ليس للاعارة المكان المؤقت الموقع الحالى تاريخ الاكتساب اجمالي اﻻعارات رقم الطلب الباركود تاريخ اخر مشاهدة تاريخ تفعيل السعر نوع وعاء كوها
        مكتبة القاهرة الكبرى مكتبة القاهرة الكبرى 03/26/2014   CH\372.216\R L 32646 03/26/2014 03/26/2014 كتاب
        مكتبة القاهرة الكبرى مكتبة القاهرة الكبرى 03/26/2014   CH\372.216\R L 32647 03/26/2014 03/26/2014 كتاب

Powered By

EGPV